Capitales Africanas por Mapa - Estadísticas

Estadísticas generales
  • Esta prueba ha sido intentada 100 veces
  • La puntuación promedio es 28 de 56
Respuestas en el mapa
Las respuestas están codificadas por una escala verde-roja en el mapa de la prueba según el % correcto abajo.
 
Estadísticas de respuestas
Capital % Correcto
El Cairo
100%
Túnez
100%
Argel
97%
Rabat
97%
Trípoli
94%
Pretoria
78%
Jartum
72%
Ciudad del Cabo
69%
Mogadiscio
69%
Nairobi
69%
Asmara
66%
Dakar
66%
Addis Abeba
59%
Antananarivo
59%
Freetown
59%
Luanda
59%
Praia
59%
Accra
56%
Bissau
56%
Dodoma
56%
Malabo
56%
Maputo
56%
Santo Tomé
56%
Victoria
56%
Libreville
53%
Niamey
53%
Brazzaville
50%
Monrovia
50%
Abuja
47%
Harare
44%
Kampala
44%
Lome
44%
Lusaka
44%
Port Louis
44%
Uagadugú
44%
Bamako
41%
Moroni
41%
Windhoek
41%
Banjul
38%
Gaborone
38%
Juba
38%
Porto-Novo
38%
Yamena
38%
Mbabane
34%
Bangui
31%
Conakry
31%
Djibouti
31%
Kigali
31%
Maseru
31%
Gitega
28%
Kinshasa
28%
Yaoundé
22%
Bloemfontein
19%
Lilongwe
9%
Yamoussoukro
3%
Nouakchott
0%
No se encontraron pruebas coincidentes
Distribución de puntuación
Porcentaje de gente con cada puntuación
Porcentaje por número respondido
Historial de tus puntuaciones
No has intentado esta prueba.